000 00438cam a2200169ua 4500
001 741
008 110419n ii |||gr||||Z||||||eng
040 _cMAIN
082 _a320.5
245 1 _aPolityics of Aristotle.
250 _a1st. /
_bEdited by Earnest Barker.
260 _aToronto.:
_bOxford university press.,986.
300 _aix, 411 p.:
_c20 cm.
653 _aPolitical science.
653 _aPolitics of Aristotle.
942 _cBK
999 _c668
_d668